| 000 | 00587nam a2200169 i 4500 | ||
|---|---|---|---|
| 001 | 43586 | ||
| 003 | ES-MaACL | ||
| 005 | 20230906160832.0 | ||
| 007 | t| | ||
| 008 | 030318s1971 sp b |||11| spa d | ||
| 110 | 2 |
_aInstituto Nacional de Estadística (España) _95162 |
|
| 245 | 1 | 0 |
_aCatálogo descriptivo de publicaciones estadísticas _b: (Administración Pública Central y Organización Sindical). |
| 260 |
_aMadrid : _bInstituto Nacional de Estadística, _c[1971] |
||
| 300 |
_a410 p. ; _c29 cm. |
||
| 650 | 4 |
_aEstadística- _vBibliografías. _9173721 |
|
| 852 |
_aES-MaACL _jC-41007 |
||
| 999 |
_c43586 _d43586 |
||